[Event "Schweinfurt op 23rd"]
[Site "Schweinfurt"]
[Date "2013.06.01"]
[Round "4"]
[White "Grasmik, Waldemar"]
[Black "Lachnit, Manfred"]
[Result "0-1"]
[WhiteElo "1375"]
[BlackElo "1613"]
[PlyCount "114"]
[EventDate "2013.05.30"]
[EventType "swiss"]
[EventRounds "7"]
[EventCountry "GER"]
[SourceTitle "CBM 154 Extra"]
[Source "ChessBase"]
[SourceDate "2013.06.25"]
[SourceVersion "2"]
[SourceVersionDate "2013.06.25"]
[SourceQuality "1"]

1. a3 e5 2. e4 Nf6 3. Nc3 Be7 4. Bc4 0-0 5. d3 d6 6. Bg5 Nc6 7. h4 a6 8. Qd2 b5 9. Bd5 Nxd5 10. Nxd5 Bxg5 11. hxg5 Nd4 12. 0-0-0 c6 13. Nc3 a5 14. f4 b4 15. Nce2 bxa3 16. bxa3 Nb5 17. a4 Nd4 18. Nxd4 exd4 19. Qe2 f6 20. Qh5 fxg5 21. Qxh7+ Kf7 22. f5 Qf6 23. Nf3 Bd7 24. Qh5+ Ke7 25. Nxg5 Rh8 26. Qg4 c5 27. Rh5 Rxh5 28. Qxh5 Qh6 29. Qf7+ Kd8 30. Qg6 Qxg6 31. fxg6 Bxa4 32. Rh1 Ra7 33. Rh7 Be8 34. Ne6+ Kc8 35. Rh8 Re7 36. Nf4 Kb7 37. Kb2 c4 38. Ka3 cxd3 39. cxd3 Bb5 40. Rd8 Kc6 41. Rc8+ Kd7 42. Rb8 Bc6 43. g3 Kc7 44. Rg8 Kb7 45. Nh5 Be8 46. Nxg7 Bxg6 47. Nf5 Bxf5 48. exf5 Re3 49. Ka4 Rxd3 50. Kxa5 Kc6 51. f6 Rf3 52. Rf8 d3 53. f7 d2 54. Rc8+ Kd7 55. f8Q Rxf8 56. Rxf8 d1Q 57. Rg8 Qd5+ 0-1

[Event "Hessen-ch Seniors op 09th"]
[Site "Bad Sooden-Allendorf"]
[Date "2013.04.23"]
[Round "4"]
[White "Grasmik, Waldemar"]
[Black "Mertens, Gottfried"]
[Result "0-1"]
[WhiteElo "1592"]
[BlackElo "1880"]
[PlyCount "96"]
[EventDate "2013.04.20"]
[EventType "swiss"]
[EventRounds "9"]
[EventCountry "GER"]
[SourceTitle "EXT 2019"]
[Source "ChessBase"]
[SourceDate "2018.10.10"]
[SourceVersion "1"]
[SourceVersionDate "2018.10.10"]
[SourceQuality "1"]

1. d4 f5 2. e4 fxe4 3. Nc3 Nf6 4. Bg5 Nc6 5. Bxf6 exf6 6. Nxe4 d5 7. Ng3 Qe7+ 8. Be2 Qb4+ 9. c3 Qxb2 10. Rc1 Bd7 11. Rc2 Qa3 12. Bd3 0-0-0 13. N1e2 g6 14. 0-0 Bh6 15. Qb1 Na5 16. Rb2 b6 17. Bb5 Bxb5 18. Rxb5 Nc4 19. Rb3 Qd6 20. Qd3 Qc6 21. Ra1 Na5 22. Rb4 Bf8 23. Rbb1 Qc4 24. Qf3 Qc6 25. a4 Nc4 26. Qd3 a5 27. Rb5 Bh6 28. Nf1 Rde8 29. Qh3+ Qe6 30. Qxh6 Qxe2 31. Rxd5 c6 32. Qh3+ Qe6 33. Rh5 gxh5 34. Qxh5 f5 35. Qd1 Rhg8 36. h3 f4 37. Kh2 Qe4 38. f3 Qe2 39. Qxe2 Rxe2 40. Kh1 Rgxg2 41. Rd1 Rgf2 42. Rc1 Nd2 43. Nxd2 Rxd2 44. Kg1 Rxf3 45. d5 Rxh3 46. dxc6 Rdh2 47. Rf1 Rh1+ 48. Kg2 R3h2+ 0-1

[Event "Hessen-chB"]
[Site "Korbach"]
[Date "2013.03.30"]
[Round "6"]
[White "Martens, Nick"]
[Black "Grasmik, Waldemar"]
[Result "0-1"]
[WhiteElo "1747"]
[BlackElo "1599"]
[PlyCount "66"]
[EventDate "2013.03.27"]
[EventType "swiss"]
[EventRounds "7"]
[EventCountry "GER"]
[SourceTitle "EXT 2014"]
[Source "ChessBase"]
[SourceDate "2013.11.20"]
[SourceVersion "1"]
[SourceVersionDate "2013.11.20"]
[SourceQuality "1"]

1. d4 d5 2. c4 c6 3. Nc3 a6 4. Nf3 g6 5. e3 h5 6. Qc2 Bf5 7. Bd3 Bxd3 8. Qxd3 e6 9. c5 Nf6 10. Bd2 Nbd7 11. 0-0 Ng4 12. a3 f5 13. Ne2 Qf6 14. b4 Bg7 15. Bc3 Qe7 16. Nf4 Qf6 17. a4 g5 18. Ne2 Nh6 19. g3 h4 20. b5 hxg3 21. fxg3 Ng4 22. bxc6 bxc6 23. Kg2 Qh6 24. Rh1 Qh3+ 25. Kg1 Bh6 26. Rb1 Ndf6 27. Be1 Ne4 28. Rb6 f4 29. exf4 gxf4 30. gxf4 Rg8 31. Ng3 Bxf4 32. Rxc6 Be3+ 33. Qxe3 Nxe3 0-1

[Event "Kaiserbrunnen Winter op"]
[Site "Brakel"]
[Date "2013.01.21"]
[Round "2"]
[White "Grasmik, Waldemar"]
[Black "Wastian, Mareike"]
[Result "0-1"]
[WhiteElo "1619"]
[BlackElo "1124"]
[PlyCount "78"]
[EventDate "2013.01.21"]
[EventType "swiss"]
[EventRounds "5"]
[EventCountry "GER"]
[SourceTitle "EXT 2023"]
[Source "ChessBase"]
[SourceDate "2022.10.05"]
[SourceVersion "1"]
[SourceVersionDate "2022.10.05"]
[SourceQuality "1"]

1. d4 d5 2. e4 c6 3. Nc3 dxe4 4. f3 exf3 5. Nxf3 Nf6 6. Bg5 e6 7. a3 Be7 8. Qd3 Nbd7 9. 0-0-0 Qb6 10. Ne5 Qc7 11. Nxd7 Qxd7 12. h4 b6 13. g3 Bb7 14. Bg2 0-0-0 15. Bxf6 Bxf6 16. Ne2 Qc7 17. c3 Rhe8 18. Qc2 e5 19. dxe5 Qxe5 20. Nf4 Qc7 21. Qa4 Kb8 22. Qc2 Rxd1+ 23. Rxd1 Rd8 24. Rf1 Ba6 25. Re1 g5 26. Nh5 Bd3 27. Nxf6 Bxc2 28. Kxc2 Qd6 29. Ne4 Qd3+ 30. Kc1 f5 31. Bf1 Qd7 32. Be2 fxe4 33. Rd1 Qe7 34. hxg5 Rxd1+ 35. Bxd1 Qxg5+ 36. Kc2 Qd5 37. Be2 e3 38. Bd3 Qg2+ 39. Kb3 e2 0-1

[Event "Bad Zwesten op 16th"]
[Site "Bad Zwesten"]
[Date "2013.01.03"]
[Round "2"]
[White "Struening, Timo"]
[Black "Grasmik, Waldemar"]
[Result "1-0"]
[WhiteElo "1899"]
[BlackElo "1619"]
[PlyCount "121"]
[EventDate "2013.01.02"]
[EventType "swiss"]
[EventRounds "7"]
[EventCountry "GER"]
[SourceTitle "CBM 152 Extra"]
[Source "ChessBase"]
[SourceDate "2013.02.25"]
[SourceVersion "1"]
[SourceVersionDate "2013.02.25"]
[SourceQuality "1"]

1. g4 d5 2. Bg2 Nf6 3. g5 Ne4 4. d3 Nxf2 5. Kxf2 Bf5 6. c4 e6 7. Qb3 Bc5+ 8. Kf1 Bb6 9. cxd5 c6 10. Nc3 exd5 11. Nf3 0-0 12. Bf4 Nd7 13. Na4 Be6 14. Nxb6 Nxb6 15. Nd4 Qd7 16. Rc1 Bh3 17. Nf3 f6 18. Rg1 Qf5 19. Bxh3 Qxh3+ 20. Kf2 Qf5 21. Bd2 Rae8 22. gxf6 Rxf6 23. Rg2 Qe6 24. Re1 c5 25. Qd1 c4 26. Kg1 Qd6 27. Rf1 Qc5+ 28. d4 Qc7 29. Kh1 Qf7 30. Rfg1 g6 31. Ne5 Qe6 32. Rf1 Ref8 33. Rxf6 Rxf6 34. Kg1 Nc8 35. Qe1 Nd6 36. Rf2 Nf5 37. Ng4 Rf8 38. Nh6+ Kh8 39. Nxf5 gxf5 40. Bf4 Rg8+ 41. Rg2 Rxg2+ 42. Kxg2 Qe4+ 43. Kg3 Qxd4 44. Qc3 Qxc3+ 45. bxc3 Kg7 46. Bb8 a6 47. Kf4 Kf6 48. Be5+ Ke6 49. Bd4 h6 50. Bg7 b5 51. a3 a5 52. Ke3 h5 53. Kd4 h4 54. Kc5 b4 55. cxb4 axb4 56. axb4 h3 57. b5 f4 58. b6 Kf5 59. Kxd5 Kg4 60. b7 f3 61. exf3+ 1-0

[Event "Dresden ZMD op-B 21st"]
[Site "Dresden"]
[Date "2012.08.20"]
[Round "3"]
[White "Schamschurko, Victor"]
[Black "Grasmik, Waldemar"]
[Result "1-0"]
[WhiteElo "1738"]
[BlackElo "1437"]
[PlyCount "63"]
[EventDate "2012.08.18"]
[EventType "swiss"]
[EventRounds "9"]
[EventCountry "GER"]
[SourceTitle "CBM 150 Extra"]
[Source "ChessBase"]
[SourceDate "2012.10.19"]
[SourceVersion "1"]
[SourceVersionDate "2012.10.19"]
[SourceQuality "1"]

1. e4 d5 2. exd5 Nf6 3. c4 c6 4. d4 cxd5 5. Nf3 a6 6. Ne5 Qc7 7. c5 Bf5 8. Nc3 e6 9. Bd2 Bxc5 10. g4 Bg6 11. Nxg6 hxg6 12. dxc5 Qxc5 13. Be3 Qd6 14. h3 Nc6 15. a3 Ne5 16. Bg2 Nc4 17. Bc1 b5 18. Bf3 Rd8 19. Ne2 e5 20. b3 Nb6 21. Bd2 d4 22. Bb4 Qe6 23. 0-0 Nxg4 24. hxg4 Qxg4+ 25. Bg2 Qg5 26. Qd3 Qg4 27. Qf3 Qg5 28. Rad1 Qf6 29. Bd2 Qh4 30. Rde1 Qg5 31. Nxd4 Qe7 32. Qg3 1-0

[Event "Niedersachsen-ch Seniors op 14th"]
[Site "Bad Bevensen"]
[Date "2011.07.06"]
[Round "2"]
[White "Grasmik, Waldemar"]
[Black "Smits, Oswald"]
[Result "0-1"]
[WhiteElo "1470"]
[BlackElo "1692"]
[PlyCount "73"]
[EventDate "2011.07.05"]
[EventType "swiss"]
[EventRounds "9"]
[EventCountry "GER"]
[SourceTitle "EXT 2012"]
[Source "ChessBase"]
[SourceDate "2011.11.24"]
[SourceVersion "1"]
[SourceVersionDate "2011.11.24"]
[SourceQuality "1"]

1. e4 c5 2. d4 cxd4 3. c3 dxc3 4. Nxc3 Nc6 5. a3 Nf6 6. g3 e6 7. h4 d6 8. Bd3 a6 9. Be3 b5 10. b4 Bb7 11. Nh3 Rc8 12. Rc1 Ne5 13. Bb1 Nc4 14. Bg5 Be7 15. a4 Qd7 16. a5 h6 17. Bxf6 Bxf6 18. Qf3 0-0 19. Ng5 Ne5 20. Qh5 d5 21. f4 Nc4 22. e5 Nxe5 23. Nh7 Be7 24. 0-0 Bxb4 25. Qxe5 Bxc3 26. Rxc3 Rxc3 27. Qxc3 Rc8 28. Qe5 f5 29. g4 Kxh7 30. gxf5 Kh8 31. fxe6 Qe7 32. Qf5 g6 33. Qxg6 Rg8 34. h5 Qxe6 35. f5 Qe3+ 36. Kh2 Rxg6 37. hxg6 0-1

[Event "Niedersachsen-ch Seniors op 13th"]
[Site "Bad Bevensen"]
[Date "2010.07.08"]
[Round "3"]
[White "Grasmik, Waldemar"]
[Black "Micheel, Peter"]
[Result "1/2-1/2"]
[WhiteElo "1424"]
[BlackElo "1720"]
[PlyCount "125"]
[EventDate "2010.07.06"]
[EventType "swiss"]
[EventRounds "9"]
[EventCountry "GER"]
[SourceTitle "EXT 2012"]
[Source "ChessBase"]
[SourceDate "2011.11.24"]
[SourceVersion "1"]
[SourceVersionDate "2011.11.24"]
[SourceQuality "1"]

1. d4 d5 2. a3 g6 3. Bf4 Bg7 4. h4 Nf6 5. Nc3 c6 6. e3 Bf5 7. Be2 h5 8. g3 Nbd7 9. Nf3 Ne4 10. Ne5 Nxc3 11. bxc3 Nxe5 12. dxe5 Qa5 13. Qd2 f6 14. Qd4 c5 15. Qd2 fxe5 16. Bg5 e4 17. 0-0 e6 18. Rab1 Qc7 19. Bb5+ Kf7 20. c4 a6 21. Ba4 dxc4 22. Qd7+ Qxd7 23. Bxd7 b5 24. f3 Kg8 25. fxe4 Bxe4 26. Bxe6+ Kh7 27. Rbc1 Rhf8 28. c3 Rxf1+ 29. Rxf1 Rf8 30. Rxf8 Bxf8 31. Bc8 b4 32. axb4 cxb4 33. cxb4 Bxb4 34. Bxa6 c3 35. Bf6 c2 36. Bb2 Bd2 37. Kf2 c1Q 38. Bxc1 Bxc1 39. Be2 Bf5 40. Bf3 Kg7 41. e4 Be6 42. Be2 Kf6 43. Bd3 Ke5 44. Bc2 Ba3 45. Bb1 Bd7 46. Kg2 Bb4 47. Bc2 Be1 48. Kf3 Bc6 49. Bb1 Kd4 50. Bc2 Ke5 51. Bd3 Ba4 52. Bb1 Bd1+ 53. Kg2 Be2 54. Bc2 Kd4 55. Bb1 Bd3 56. Bxd3 Kxd3 57. e5 Bb4 58. Kf3 Kd4 59. g4 hxg4+ 60. Kxg4 Be7 61. h5 g5 62. Kf5 Bf8 63. Kxg5 1/2-1/2

[Event "Niedersachsen-ch Seniors op 11th"]
[Site "Bad Bevensen"]
[Date "2008.07.10"]
[Round "3"]
[White "Diskin, Semen"]
[Black "Grasmik, Waldemar"]
[Result "1-0"]
[WhiteElo "1858"]
[BlackElo "1425"]
[PlyCount "47"]
[EventDate "2008.07.08"]
[EventType "swiss"]
[EventRounds "9"]
[EventCountry "GER"]
[SourceTitle "EXT 2022"]
[Source "ChessBase"]
[SourceDate "2021.10.06"]
[SourceVersion "1"]
[SourceVersionDate "2021.10.06"]
[SourceQuality "1"]

1. e4 d5 2. e5 c5 3. Nf3 Nc6 4. Bb5 Qc7 5. 0-0 a6 6. Bxc6+ Qxc6 7. d4 Bg4 8. Be3 e6 9. c3 h5 10. h3 Bxf3 11. Qxf3 g6 12. Nd2 c4 13. b3 b5 14. bxc4 bxc4 15. Rab1 Rc8 16. Qd1 Nh6 17. g4 hxg4 18. hxg4 Bg7 19. Kg2 Ng8 20. Kg3 Ne7 21. Rb2 Kd7 22. Qb1 Qc7 23. Rb6 Nc6 24. Rh1 1-0

[Event "Rhein Main op 11th"]
[Site "Bad Homburg"]
[Date "2008.05.23"]
[Round "4"]
[White "Grasmik, Waldemar"]
[Black "Paulsen, Alexej"]
[Result "1/2-1/2"]
[WhiteElo "1748"]
[BlackElo "1259"]
[PlyCount "102"]
[EventDate "2008.05.21"]
[EventType "swiss"]
[EventRounds "7"]
[EventCountry "GER"]
[SourceTitle "CBM 124 Extra"]
[Source "ChessBase"]
[SourceDate "2008.07.03"]
[SourceVersion "1"]
[SourceVersionDate "2008.07.03"]
[SourceQuality "1"]

1. d4 Nf6 2. Bg5 e6 3. e4 Be7 4. Nd2 b6 5. Bd3 Bb7 6. h4 h6 7. Bxf6 Bxf6 8. Ngf3 Nc6 9. e5 Be7 10. c3 d6 11. Qc2 dxe5 12. dxe5 Qd7 13. 0-0-0 0-0-0 14. Bb5 Kb8 15. Nd4 Nxd4 16. Bxd7 Nxc2 17. Ba4 Nd4 18. cxd4 Rxd4 19. Bc2 Rg8 20. Nf3 Rxd1+ 21. Bxd1 Rd8 22. Be2 Bc5 23. Rf1 Be7 24. g3 Rd5 25. a3 Rc5+ 26. Kb1 Bxf3 27. Bxf3 Rxe5 28. Bd1 Bc5 29. f4 Re3 30. g4 Rd3 31. h5 Rd2 32. Bc2 Rf2 33. Rxf2 Bxf2 34. f5 exf5 35. Bxf5 f6 36. Kc2 Kb7 37. Kd3 Kc6 38. a4 Kc5 39. b3 Bg3 40. Ke4 Be5 41. Be6 Kd6 42. Bc4 c6 43. Kf5 Ke7 44. Kg6 Kf8 45. Kh7 Bd4 46. Bd3 Be5 47. Bc4 Bd4 48. Kg6 Be5 49. Kf5 Ke7 50. Be6 Bd6 51. Bc4 Be5 1/2-1/2

[Event "Rhein Main op 11th"]
[Site "Bad Homburg"]
[Date "2008.05.22"]
[Round "3"]
[White "Mueller, Nils Samuel"]
[Black "Grasmik, Waldemar"]
[Result "1-0"]
[WhiteElo "1420"]
[BlackElo "1748"]
[PlyCount "65"]
[EventDate "2008.05.21"]
[EventType "swiss"]
[EventRounds "7"]
[EventCountry "GER"]
[SourceTitle "CBM 124 Extra"]
[Source "ChessBase"]
[SourceDate "2008.07.03"]
[SourceVersion "1"]
[SourceVersionDate "2008.07.03"]
[SourceQuality "1"]

1. e4 d5 2. exd5 c6 3. dxc6 Nxc6 4. Bc4 Bf5 5. Nf3 e6 6. d3 g6 7. Bf4 Bd6 8. Bxd6 Qxd6 9. Nc3 a6 10. 0-0 Bg4 11. h3 h5 12. Ne4 Qf4 13. Qd2 Qc7 14. Nfg5 0-0-0 15. hxg4 hxg4 16. g3 Ne5 17. Qf4 f5 18. Bxe6+ Kb8 19. Nd2 Ka8 20. Nf7 Qc6 21. Nxh8 Qxe6 22. Rfe1 Re8 23. Nxg6 Nxg6 24. Rxe6 Nxf4 25. Rxe8+ Ka7 26. Rxg8 Ne2+ 27. Kf1 Nd4 28. c3 Nc6 29. Nc4 b5 30. Rg7+ Kb8 31. Re1 Na7 32. Re8+ Nc8 33. Nb6 1-0